KOHA-Header-6

Learning Open CV3 computer Vision in C++ (Record no. 1872)

000 -LEADER
fixed length control field 00310nam a2200121Ia 4500
008 - FIXED-LENGTH DATA ELEMENTS--GENERAL INFORMATION
fixed length control field 190723s9999 xx 000 0 und d
020 ## - INTERNATIONAL STANDARD BOOK NUMBER
International Standard Book Number 978-1-491-93799-0
100 ## - MAIN ENTRY--PERSONAL NAME
Personal name Adrian Gary Brads
245 #0 - TITLE STATEMENT
Title Learning Open CV3 computer Vision in C++
260 ## - PUBLICATION, DISTRIBUTION, ETC. (IMPRINT)
Place of publication, distribution, etc USA
Name of publisher, distributor, etc O'Reilly
Date of publication, distribution, etc 2017
300 ## - PHYSICAL DESCRIPTION
Extent 992.:p
942 ## - ADDED ENTRY ELEMENTS (KOHA)
Koha item type Books
Holdings
Withdrawn status Lost status Damaged status Not for loan Collection code Permanent Location Current Location Shelving location Date acquired Total Checkouts Full call number Barcode Date last seen Date checked out Price effective from Koha item type
        Computer Languages MAJU MAJU Shelf No.A32 2019-07-23 2 6.73 8495 2021-10-27 2021-10-27 2019-07-23 Computer Languages

Powered by Koha